| 000 | 01311cam a2200397 a 4500 | ||
|---|---|---|---|
| 001 | 2336 | ||
| 003 | FISKH | ||
| 005 | 20231117105433.0 | ||
| 008 | 010522s2001 nyua c 000 1 eng | ||
| 010 | _a 2001040102 | ||
| 020 | _a0448425505 (pbk.) | ||
| 020 | _a070918004995 | ||
| 040 |
_aDLC _cDLC _dDLC _beng |
||
| 042 | _alcac | ||
| 050 | 0 | 0 |
_aPZ7.G8278 _bMw 2001 |
| 082 | 0 | 0 |
_a[Fic] _221 |
| 100 | 1 | _aGreenburg, Dan. | |
| 245 | 1 | 0 |
_aMy Grandma, major league slugger / _cby Dan Greenburg ; illustrated by Jack E. Davis. |
| 260 |
_aNew York : _bGrosset & Dunlap, _c2001. |
||
| 300 |
_a58 pages : _billustrations ; _c20 cm |
||
| 490 | 1 |
_aThe Zack files ; _vBook 24 |
|
| 505 | _aK | ||
| 520 | _aWhen magic enables Zack's eighty-eight-year-old grandmother to become a terrific batter, she ends up playing in a Chicago White Sox baseball game. | ||
| 521 | 0 |
_a510
_bLexile |
|
| 521 | 0 |
_aK
_bRaz-Plus |
|
| 600 | 1 | 1 |
_aRuth, Babe, _d1895-1948 _vFiction. |
| 650 | 1 |
_aBaseball _vFiction. |
|
| 650 | 1 |
_aGrandmothers _vFiction. |
|
| 650 | 1 |
_aMagic _vFiction. |
|
| 650 | 1 |
_aJews _zUnited States _vFiction. |
|
| 650 | 1 | _aHumorous stories. | |
| 651 | 1 |
_aChicago (Ill.) _vFiction. |
|
| 700 | 1 |
_aDavis, Jack E., _eillustrator |
|
| 906 |
_a7 _bcbc _corignew _d1 _eocip _f20 _gy-gencatlg |
||
| 942 |
_2ddc _cBK _n0 |
||
| 999 |
_c2336 _d2336 |
||